
Library Catalogue

| 000 -LEADER | |
|---|---|
| fixed length control field | 01178nam a2200217Ia 4500 |
| 003 - CONTROL NUMBER IDENTIFIER | |
| control field | OSt |
| 005 - DATE AND TIME OF LATEST TRANSACTION | |
| control field | 20210222170004.0 |
| 008 - FIXED-LENGTH DATA ELEMENTS--GENERAL INFORMATION | |
| fixed length control field | 160316s2011 xxu||||| |||| 00| 0 eng d |
| 020 ## - INTERNATIONAL STANDARD BOOK NUMBER | |
| International Standard Book Number | 9780198075028 |
| 040 ## - CATALOGING SOURCE | |
| Transcribing agency | NLS |
| 082 ## - DEWEY DECIMAL CLASSIFICATION NUMBER | |
| Classification number | 338.9 GHA |
| 100 ## - MAIN ENTRY--PERSONAL NAME | |
| Personal name | Ghani Ejaz |
| 245 ## - TITLE STATEMENT | |
| Title | Reshaping tomorrow : Is South Asia ready for the big leap |
| 260 ## - PUBLICATION, DISTRIBUTION, ETC. | |
| Place of publication, distribution, etc. | New Delhi |
| Name of publisher, distributor, etc. | Oxford University Press |
| Date of publication, distribution, etc. | 2011 |
| 300 ## - PHYSICAL DESCRIPTION | |
| Extent | 310p |
| Dimensions | xiii |
| 365 ## - TRADE PRICE | |
| Price amount | Rs. 795 |
| 505 ## - FORMATTED CONTENTS NOTE | |
| Formatted contents note | Contents:<br/>TABLES AND FIGURES ; <br/>ACKNOWLEDGEMENTS ; <br/>PREFACE ; <br/>1. Reshaping Tomorrow ; <br/>PART I: REASONS FOR OPTIMISM ; <br/>2. Demographic Change and Economic Growth ; <br/>3. The Rise of the Middle Class ; <br/>4. Harnessing Globalization ; <br/>5. Young Population and Migration ; <br/>PART II: CHALLENGES AHEAD ; <br/>6. Avoiding Lopsided Spatial Transformation ; <br/>7. Promoting Entrepreneurship, Growth and Job Creation ; <br/>8. Managing Capital Flows ; <br/>9. Managing Efficient Urbanization ; <br/>10. Avoiding Informality Traps ; <br/>11. Managing Conflict ; <br/>NOTES ON CONTRIBUTORS. |
| 650 ## - SUBJECT ADDED ENTRY--TOPICAL TERM | |
| Topical term or geographic name entry element | 1. Economic Development - South Asia2. Social Conditions - Economic Conditions - 21st Century |
| 700 ## - ADDED ENTRY--PERSONAL NAME | |
| Personal name | |
| -- | |
| 942 ## - ADDED ENTRY ELEMENTS (KOHA) | |
| Source of classification or shelving scheme | Dewey Decimal Classification |
| Koha item type | BOOKs |
| Withdrawn status | Lost status | Damaged status | Not for loan | Home library | Current library | Shelving location | Date acquired | Cost, normal purchase price | Total Checkouts | Full call number | Barcode | Date last seen | Price effective from | Koha item type |
|---|---|---|---|---|---|---|---|---|---|---|---|---|---|---|
| NLS | NLS | NAB Compactor | 30/05/2017 | 795.00 | 338.9 GHA | 27078 | 30/05/2017 | 30/05/2017 | BOOKs |